Normal view
MARC view
Entry Topical Term
001 - CONTROL NUMBER
- control field: 666697
003 - CONTROL NUMBER IDENTIFIER
- control field: OSt
005 - DATE AND TIME OF LATEST TRANSACTION
- control field: 20221006154124.0
008 - FIXED-LENGTH DATA ELEMENTS
- fixed length control field: 221006|| aca||aabn | a|a d
040 ## - CATALOGING SOURCE
- Original cataloging agency: OSt
- Transcribing agency: OSt
150 ## - HEADING--TOPICAL TERM
- Topical term or geographic name entry element: Economics-Sociological aspect
670 ## - SOURCE DATA FOUND
- Source citation: Work cat.: (OSt)1102558: Smelser Neil J Ed., Handbook of economic sociology, 1994
